UNESCO World Heritage Sites - Statistics

General Stats
  • This quiz has been taken 337 times
  • The average score is 36 of 50
Answer Stats
Name Country % Correct
City of Bath Great Britain
96%
Mount Etna Italy
93%
Monumental Earthworks of Poverty Point United States
93%
Kasbah of Algiers Algeria
92%
Petra Jordan
92%
Historic Sanctuary of Machu Picchu Peru
92%
Historic City of Toledo Spain
91%
Archaeological Site of Troy Turkey
91%
Temple of Apollo Epicurius at Bassae Greece
90%
Historic Fortified City of Carcassonne France
89%
Iguacu National Park Brazil
88%
Rock Paintings of the Sierra de San Francisco Mexico
88%
Tropical Rainforest Heritage of Sumatra Indonesia
87%
Persepolis Iran
87%
Kathmandu Valley Nepal
87%
Head-Smashed-In Buffalo Jump Canada
86%
Galapagos Islands Ecuador
86%
Wartburg Castle Germany
85%
Stone Town of Zanzibar Tanzania
85%
Los Glaciares National Park Argentina
84%
Church of the Ascension, Kolomenskoye Russia
82%
Historic Jeddah, the Gate to Makkah Saudi Arabia
81%
Churches of Chiloe Chile
79%
Timbuktu Mali
78%
Fort and Shalamar Gardens in Lahore Pakistan
77%
Robben Island South Africa
77%
Churches of Moldavia Romania
76%
Kronborg Castle Denmark
74%
Ancient Thebes with its Necropolis Egypt
74%
Royal Domain of Drottningholm Sweden
74%
Semmering Railway Austria
67%
Medieval Town of Torun Poland
67%
Notre-Dame Cathedral in Tournai Belgium
66%
Roros Mining Town and the Circumference Norway
66%
Convent of Christ in Tomar Portugal
66%
Los Katíos National Park Colombia
64%
Abbey of St Gall Switzerland
64%
Ancient City of Nessebar Bulgaria
56%
Surtsey Iceland
56%
The Cathedral of St James in Sibenik Croatia
55%
Sacred City of Kandy Sri Lanka
54%
Maya Site of Copan Honduras
53%
Darien National Park Panama
53%
Painted Churches in the Troodos Region Cyprus
47%
Fort Jesus Kenya
45%
Historic Bridgetown and its Garrison Barbados
43%
Rainforests of the Atsinanana Madagascar
40%
Historic Town of Zabid Yemen
38%
Blue and John Crow Mountains Jamaica
37%
Historic Town of Grand-Bassam Cote D'Ivoire
15%
No matching quizzes found
Score Distribution
Percent of People with Each Score
Percentile by Number Answered
Your Score History
You have not taken this quiz